Statistics for Superman Villains

Click here to take the quiz!

General Stats

  • This quiz has been taken 71 times
    (60 since last reset)
  • The average score is 7 of 18

Answer Stats

Villain% Correct
Lex Luthor
98%
Doomsday
72%
Darkseid
70%
General Zod
66%
Bizarro
62%
Brainiac
56%
Metallo
54%
Parasite
38%
Cyborg Superman
34%
Lobo
28%
Mongul
28%
Toyman
26%
Mister Mxyzptlk
16%
Ultraman
12%
Prankster
6%
Solomon Grundy
6%
Composite Superman
4%
Silver Banshee
4%

Score Distribution

Percentile by Number Answered

Percent of People with Each Score

Your Score History

You have not taken this quiz since the last reset